Êtes-vous rapide ? Test de rapidité 1-50 - Statistiques

Statistiques générales
  • Ce quiz a été pris 7 694 fois
  • Le résultat moyen est 31 sur 51
Statistiques - réponses
Hint Réponse % Correct
21 21
62%
23 23
62%
25 25
62%
50 50
62%
7 7
62%
0 0
61%
1 1
61%
10 10
61%
12 12
61%
19 19
61%
2 2
61%
27 27
61%
31 31
61%
36 36
61%
37 37
61%
38 38
61%
40 40
61%
42 42
61%
43 43
61%
46 46
61%
5 5
61%
8 8
61%
14 14
60%
16 16
60%
20 20
60%
22 22
60%
24 24
60%
26 26
60%
28 28
60%
3 3
60%
30 30
60%
33 33
60%
34 34
60%
35 35
60%
39 39
60%
47 47
60%
48 48
60%
49 49
60%
6 6
60%
9 9
60%
11 11
59%
13 13
59%
15 15
59%
17 17
59%
18 18
59%
29 29
59%
32 32
59%
4 4
59%
41 41
59%
45 45
59%
44 44
58%
Aucun quiz correspondant
Distribution des résultats
% des personnes avec chaque résultat
Percentile par nombre de réponses
Votre historique - résultats
Vous n’avez pas pris ce quiz